Statistics for Countries Furthest in the Cardinal Directions by Continent

Click here to take the quiz!

General Stats

  • This quiz has been taken 104 times
  • The average score is 20 of 24

Answer Stats

ContinentCardinal DirectionCardinal PointCountryPlace% Correct
EuropeE69°02′ERussiaCape Flissingsky
98%
AsiaN81°52'NRussiaCape Fligely
98%
AsiaE169°03'WRussiaBig Diomede
98%
AfricaS34°51'15"SSouth AfricaCape Agulhas
94%
EuropeN81°NNorwayRossøya
91%
South AmericaW109°27′18″WChileMotu Nui
90%
OceaniaE109°13'WChileEaster Island
90%
OceaniaN28°25′NUnited StatesKure Atoll
90%
North AmericaW172°28′22″EUnited StatesCape Wrangell
90%
AfricaN37°32'NTunisiaIles des Chiens
88%
OceaniaW112°55″EAustraliaDirk Hartog Island
87%
OceaniaS52°37′SNew ZealandJacquemart Island
86%
AsiaW26°4'ETurkeyCape Baba
86%
AsiaS11°00'SIndonesiaPamana Island
85%
AfricaE63°30'EMauritiusRodrigues
84%
EuropeS30°8′43″NPortugalSavage Islands
84%
EuropeW28°50′00″WPortugalCapelinhos Volcano
84%
AfricaW25°25'WCape VerdeSanto Antão
83%
South AmericaN13°24′03″NColombiaSanta Catalina Island
81%
South AmericaE26°16′7″WUnited KingdomMontagu Island
70%
South AmericaS59°29′20″SUnited KingdomCook Island
70%
North AmericaE11°29′22″WDenmarkNordostrundingen
69%
North AmericaN83°40′NDenmarkKaffeklubben Island
69%
North AmericaS5°31′8″NCosta RicaCocos Island
51%

Score Distribution

Percentile by Number Answered

Percent of People with Each Score

Your Score History

You have not taken this quiz